| 000 | 01037nam a2200205Ia 4500 | ||
|---|---|---|---|
| 999 |
_c16673 _d16673 |
||
| 003 | OSt | ||
| 005 | 20210904105409.0 | ||
| 008 | 160316s1994 xxu||||| |||| 00| 0 eng d | ||
| 040 | _cn | ||
| 082 |
_a342.000000 _bJAI-I |
||
| 100 | _aJain M P | ||
| 245 | _aCases and materials on Indian administrative law. Vol.I | ||
| 260 |
_aNagpur _bWadhwa & Co. _c1994 |
||
| 300 |
_a967p _cxxi |
||
| 365 | _bRs.750 | ||
| 505 | _aContents: Chapter I Introduction Chapter II What is Legislative Function; Chapter III Delegated Legislation(i); Chapter IV Delegated Legislation (II) : Controls (i); Chapter V Delegated Legislation (II) : Controls (ii; Chapter VI Sub-Delegation of Legislative Powers; Chapter VII Directions; Chapter VIII Natural Justice: When can be Claimed; Chapter IX Norms of Natural Justice / Fairness (1): Alteram Partem; Chapter X Norms of Natural Justice (II): Rule Against Bias; Chapter XI Failure of Natural Justice | ||
| 650 | _a1.Administrative Law - Cases & Materials | ||
| 700 |
_a _a |
||
| 942 |
_2ddc _cBK |
||